000 00461pab a2200169 454500
008 180718b2014 xxu||||| |||| 00| 0 eng d
100 _aSiddaraju V.G.
245 _aComparative analysis of organic and modern agriculture systems: A critical assessment of technical efficiency
260 _c2014
300 _ap.35-42.
362 _aApr-Jun
650 _aAgriculture
700 _aIndira, M.
773 _aProductivity
908 _aN
909 _a105165
999 _c105160
_d105160